| 000 | 01895nam0a2200337 i 4500 | ||
|---|---|---|---|
| 001 | RU\NLR\BIBL_A\011144081 | ||
| 005 | 20260408102916.0 | ||
| 010 |
_a9785990653818 _9500 |
||
| 021 |
_aRU _b2016-40508 _92594 |
||
| 035 | _a(NILC)RuMoRGB-008488399 | ||
| 035 | _a(NLR Aleph) 011144081 | ||
| 090 |
_a11634574 _c11634574 |
||
| 100 | _a20160601d2016 u y0rusy50 ca | ||
| 101 | 0 | _arus | |
| 102 | _aRU | ||
| 105 | _a |||z|||010 | ||
| 200 | 1 |
_aМужество не измеряется годами _eбоевые и трудовые подвиги калужской молодёжи в годы Великой Отечественной войны 1941-1945 гг. _fКалужский гор. совет ветеранов (пенсионеров) войны и труда _g[авт.-сост.: Н. В. Гущина] |
|
| 210 |
_aКалуга _cТихонов Олег Евгеньевич _d2016 |
||
| 215 |
_a487 с. _cил., портр., факс., цв. портр. _d21 |
||
| 300 | _a75-летию освобождения г. Калуги от немецко-фашистских захватчиков посвящается | ||
| 320 | _aБиблиогр.: с. 452-484 (690 назв.) | ||
| 606 | 1 |
_aВеликая Отечественная война _jВоспоминания, записки и т.п _yКалужская область _z1941 - 1945 _91240962 _3RU\NLR\AUTH\66189584 |
|
| 675 | _a355/359 | ||
| 686 | 1 | _aЦ35(2)722(2Р-4Калж),013 | |
| 702 | 1 |
_aГущина _bН. В. _gНаталья Викторовна _4220 |
|
| 712 | 0 | 2 |
_4570 _a"Совет ветеранов (пенсионеров) войны и труда", калужская городская общественная организация _9369956 _3RU\NLR\AUTH\8810242042 |
| 801 | 0 |
_aRU _bРГБ _c20160517 _gRCR |
|
| 942 | _cBOOK | ||
| 980 | _aNBR | ||